|
|
|
|
| LEADER |
01474nam a2200337 i 4500 |
| 001 |
39394 |
| 003 |
BD-DhAAL |
| 008 |
220817t2015 enka b 001 0 eng d |
| 999 |
|
|
|c 44460
|d 44460
|
| 010 |
|
|
|a 2015941392
|
| 020 |
|
|
|a 9780198706168 (pbk. : alk. paper)
|
| 040 |
|
|
|a DLC
|b eng
|e rda
|c DLC
|d BD-DhAAL
|
| 042 |
|
|
|a pcc
|
| 050 |
0 |
0 |
|a JC571
|b .C596 2015
|
| 082 |
0 |
4 |
|a 341.48
|2 23
|
| 100 |
1 |
|
|a Clapham, Andrew,
|e author.
|9 50903
|
| 245 |
1 |
0 |
|a Human rights :
|b a very short introduction /
|c Andrew Clapham.
|
| 250 |
|
|
|a Second edition.
|
| 264 |
|
1 |
|a Oxford, United Kingdom ;
|a New York, NY :
|b Oxford University Press,
|c c2015.
|
| 300 |
|
|
|a xviii, 197 pages :
|b illustrations ;
|c 18 cm.
|
| 490 |
0 |
|
|a Very short introductions
|
| 504 |
|
|
|a Includes bibliographical references (pages 169-178) and index.
|
| 526 |
|
|
|a SOL
|
| 541 |
|
|
|a Trim Education
|e 39394, 39395
|
| 650 |
|
0 |
|a Human rights.
|9 50904
|
| 650 |
|
0 |
|a Law.
|9 50905
|
| 830 |
|
|
|a Very short introductions
|9 50906
|
| 852 |
|
|
|a Ayesha Abed Library
|c General Stacks
|
| 942 |
|
|
|2 ddc
|c BK
|
| 952 |
|
|
|0 0
|1 0
|2 ddc
|4 0
|6 341_480000000000000_CLA
|7 0
|9 71660
|a BRACUL
|b BRACUL
|c GEN
|d 2022-08-16
|e Trim Education
|g 900.00
|l 1
|m 6
|o 341.48 CLA
|p 3010039394
|r 2025-04-10
|s 2025-03-03
|t 1
|v 900.00
|w 2022-08-16
|y BK
|x Funded by UNHCR
|
| 952 |
|
|
|0 0
|1 0
|2 ddc
|4 0
|6 341_480000000000000_CLA
|7 0
|9 71661
|a BRACUL
|b BRACUL
|c GEN
|d 2022-08-16
|e Trim Education
|g 900.00
|l 5
|m 58
|o 341.48 CLA
|p 3010039395
|r 2025-09-22
|s 2025-03-05
|t 2
|v 900.00
|w 2022-08-16
|y BK
|x Funded by UNHCR
|